00217 a2200109 4500001000700000020000600007040001100013100001900024240003000043245002500073362000900098165503 a  cMagnum aHoward, Walter10aA musica e a criancalpor10aA musica e a crianca0 a1899